| 000 | 00581 a2200193 4500 | ||
|---|---|---|---|
| 010 | _aENG-89961 | ||
| 020 |
_c150.00 _a8187757019 |
||
| 035 | _aEN-73494 | ||
| 037 | _bDBAD / PUB | ||
| 082 | 1 | 4 | _a881 |
| 090 |
_c12067 _d12067 |
||
| 100 | 1 | _aDas, Nabanidhar | |
| 245 | 1 |
_aDivine verses/ _cby Nabanidhar Das |
|
| 260 |
_aKolkata _bBingsha Shatabdi _c2007 |
||
| 270 |
_a75/C, Park Stree, _bKolkata _k700016 |
||
| 300 |
_a64p. _c22 cm. (Hb) |
||
| 942 |
_adpl _cEN _k881 / DAS |
||
| 999 |
_c11713 _d11713 |
||